| 000 | 01157cam a22002174a 4500 | ||
|---|---|---|---|
| 005 | 20250605163923.0 | ||
| 008 | 250528s ||||||||||||||||||||||||d | ||
| 035 | _a14455 | ||
| 020 | _a135717469 | ||
| 040 |
_aGR-AtMCL _bgre _dGR-AtMCL _eAACR2 |
||
| 245 | 1 | _aAccounting and Finance for Non - Specialists / Second Edition | |
| 250 | _a2nd | ||
| 260 |
_bPrentice Hall, _c1997 |
||
| 300 | _a410 | ||
| 520 | _aThe text covers the principles of financial accounting, management accounting and financial management, emphasizing the application and interpretation of information decision-making. Preface and Acknowledgements, Introduction to Accounting and Finance, Measuring and Reporting Financial Position, Measuring and Reporting Financial Performance, Accounting for Limited Companies, Measuring and Reporting Cash Flows, Analysis and Interpretation of Financial Statements, Cost-Volume-Profit Analysis, Full Costing, Budgeting, Capital Investment Decisions, The Management of Working Capital, Financing the Business, Glossary, Index. | ||
| 700 | 1 |
_aAtrill Peter _9129 |
|
| 700 | 1 |
_aMclaney Eddie _9131 |
|
| 942 | _cBK | ||
| 999 |
_c85 _d85 |
||